[Event "European Seniors Teams Ch."]
[Site "Olympus"]
[Date "2011.05.07"]
[Round "5"]
[Board "4"]
[White "Sandklef, Ake"]
[Black "Mai, Hartmut"]
[Result "0-1"]
[WhiteElo "2017"]
[BlackElo "1936"]
[PlyCount "72"]
[EventDate "2011.05.03"]
[EventType "team"]
[EventRounds "9"]
[EventCountry "GRE"]
[WhiteTeam "Sweden 1"]
[BlackTeam "Stiftung BSW DBAG 1"]

1.d4 Nf6 2.c4 c6 3.Nc3 d5 4.e3 Qb6 5.Nf3 Bf5 6.Be2 e6 7.O-O Nbd7 8.b3 Be7 9.Bb2
O-O 10.Rc1 Rad8 11.h3 h6 12.Ne1 Qc7 13.f4 Ne4 14.cxd5 Nxc3 15.Rxc3 exd5 16.Nf3
Bb4 17.Rc1 Nf6 18.Ne5 Ne4 19.g4 Bh7 20.Rf3 f6 21.Nd3 Bd6 22.h4 Qd7 23.f5 g6
24.Nf4 gxf5 25.Nh5 Bg6 26.Nf4 Bxf4 27.Rxf4 fxg4 28.Bxg4 f5 29.Bf3 Nf6 30.Qe1 Kh7
31.Rc2 Rg8 32.Rg2 Rde8 33.Bc1 Nh5 34.Bxh5 Bxh5 35.Qf2 Rxg2+ 36.Kxg2 Rg8+ {94
moves} 0-1

[Event "European Seniors Teams Ch."]
[Site "Olympus"]
[Date "2011.05.07"]
[Round "5"]
[Board "1"]
[White "Blaushtain, Boris"]
[Black "Rosen, Willy"]
[Result "0-1"]
[WhiteElo "2115"]
[BlackElo "2285"]
[PlyCount "58"]
[EventDate "2011.05.03"]
[EventType "team"]
[EventRounds "9"]
[EventCountry "GRE"]
[WhiteTeam "Israel 2"]
[BlackTeam "Sportfreunde, Katernberg"]

1.d4 Nf6 2.c4 e6 3.a3 b6 4.Nc3 Bb7 5.Nf3 Be7 6.g3 Ne4 7.Nxe4 Bxe4 8.Bg2 O-O
9.O-O c5 10.dxc5 bxc5 11.Ne5 Bxg2 12.Kxg2 d6 13.Nd3 a5 14.e4 Nc6 15.Be3 a4 16.f4
Qa5 17.Bd2 Qa6 18.Rc1 Rfb8 19.Be3 Rb3 20.Rf2 Na5 21.Rfc2 Qc6 22.Kf3 f5 23.Nf2
Bf6 24.Rd2 Bd4 25.Rxd4 cxd4 26.Qxd4 Rc8 27.c5 dxc5 28.Qe5 Rb5 29.Bd2 c4 0-1

[Event "European Seniors Teams Ch."]
[Site "Olympus"]
[Date "2011.05.07"]
[Round "5"]
[Board "2"]
[White "Nautsch, Werner"]
[Black "Ben-Zeev, Moshe"]
[Result "1-0"]
[WhiteElo "2243"]
[BlackElo "2006"]
[PlyCount "71"]
[EventDate "2011.05.03"]
[EventType "team"]
[EventRounds "9"]
[EventCountry "GRE"]
[WhiteTeam "Sportfreunde, Katernberg"]
[BlackTeam "Israel 2"]

1.f4 d5 2.Nf3 c5 3.e3 Nc6 4.Bb5 Nf6 5.O-O Bg4 6.b3 Qc7 7.Bb2 O-O-O 8.Bxc6 Qxc6
9.d3 e6 10.Nbd2 Bd6 11.h3 Bxf3 12.Qxf3 Rhe8 13.Bxf6 gxf6 14.Qh5 Qc7 15.Rae1 f5
16.Nf3 d4 17.Ne5 Bxe5 18.fxe5 Qxe5 19.e4 Qg7 20.exf5 e5 21.f6 Qg6 22.Rxe5 Rxe5
23.Qxe5 b6 24.a4 Rg8 25.Rf2 Qg5 26.Qe4 Kb8 27.Qxh7 Re8 28.Qf5 Re1+ 29.Kh2 Qe3
30.Qf4+ Kc8 31.h4 Kd7 32.h5 Qe8 33.h6 Re5 34.g4 Re2 35.h7 Rxf2+ 36.Qxf2 1-0

[Event "European Seniors Teams Ch."]
[Site "Olympus"]
[Date "2011.05.07"]
[Round "5"]
[Board "3"]
[White "Rave, Avraham"]
[Black "Neese, Hans-Joachim"]
[Result "0-1"]
[WhiteElo "1865"]
[BlackElo "2234"]
[PlyCount "108"]
[EventDate "2011.05.03"]
[EventType "team"]
[EventRounds "9"]
[EventCountry "GRE"]
[WhiteTeam "Israel 2"]
[BlackTeam "Sportfreunde, Katernberg"]

1.Nf3 d5 2.d4 Nf6 3.c4 c6 4.e3 Bg4 5.Qc2 Nbd7 6.Nbd2 e6 7.Bd3 Bd6 8.b3 Rc8 9.O-O
O-O 10.Bb2 Re8 11.Ne5 Bh5 12.h3 Nf8 13.f4 N6d7 14.e4 f6 15.Nef3 Bxf4 16.g4 Bf7
17.Kg2 Bb8 18.Rf2 Ng6 19.Rh1 Nf4+ 20.Kf1 Nxd3 21.Qxd3 Nf8 22.e5 Ng6 23.Qe3 fxe5
24.Nxe5 Nxe5 25.dxe5 Bg6 26.h4 Rf8 27.h5 Rxf2+ 28.Kxf2 Be8 29.Kg3 Rc7 30.Nf3 Qe7
31.h6 Bg6 32.hxg7 Qxg7 33.Ba3 Rd7 34.Re1 dxc4 35.bxc4 Rd3 36.Qc5 Qf7 37.Re3 b6
38.Rxd3 bxc5 39.Rd8+ Kg7 40.Rxb8 Qc7 41.Rb2 Be4 42.Rd2 Bxf3 43.Kxf3 Qa5 44.Rd3
Kg6 45.Re3 a6 46.Kg3 h6 47.Kh3 Qa4 48.Bxc5 Qxc4 49.Bd6 Kg5 50.Be7+ Kf4 51.Rb3
Qf1+ 52.Kh2 Qe2+ 53.Kh1 Qxa2 54.Rb4+ Kg3 0-1

[Event "European Seniors Teams Ch."]
[Site "Olympus"]
[Date "2011.05.07"]
[Round "5"]
[Board "4"]
[White "Armbruester, Juergen"]
[Black "Hadar, Avner"]
[Result "1-0"]
[WhiteElo "1600"]
[BlackElo "1600"]
[PlyCount "125"]
[EventDate "2011.05.03"]
[EventType "team"]
[EventRounds "9"]
[EventCountry "GRE"]
[WhiteTeam "Sportfreunde, Katernberg"]
[BlackTeam "Israel 2"]

1.e4 c5 2.Nf3 Nf6 3.Nc3 Nc6 4.d4 d5 5.exd5 Nxd5 6.Bc4 e6 7.O-O cxd4 8.Nb5 a6
9.Nbxd4 Be7 10.Nxc6 bxc6 11.c3 O-O 12.Qc2 Bf6 13.Bd3 h6 14.Rd1 Qc7 15.Bh7+ Kh8
16.Be4 Bb7 17.g3 c5 18.Qe2 Be7 19.c4 Nf6 20.Bf4 Qb6 21.Bxb7 Qxb7 22.Ne5 Kg8
23.Rd2 Rad8 24.Rad1 Rxd2 25.Rxd2 Rd8 26.b3 Rxd2 27.Bxd2 Qe4 28.Qxe4 Nxe4 29.Ba5
Bd6 30.Nd3 Nf6 31.Kg2 Nd7 32.Kf3 f6 33.h3 Kf7 34.g4 g6 35.Bd2 g5 36.Ke4 Kg6
37.Be3 h5 38.f4 hxg4 39.hxg4 f5+ 40.gxf5+ exf5+ 41.Kd5 Bxf4 42.Nxf4+ gxf4
43.Bxf4 Kh5 44.Kd6 Kg4 45.Bh6 Nf6 46.Kxc5 Ne4+ 47.Kb6 f4 48.c5 f3 49.Be3 Kf5
50.Kxa6 Ke6 51.Kb7 f2 52.Bxf2 Nxf2 53.a4 Ne4 54.b4 Kd5 55.a5 Kc4 56.a6 Kxb4
57.c6 Nc5+ 58.Kb6 Na4+ 59.Kc7 Kb5 60.a7 Nb6 61.Kb7 Na4 62.a8=Q Nc5+ 63.Kc7 1-0

[Event "European Seniors Teams Ch."]
[Site "Olympus"]
[Date "2011.05.07"]
[Round "5"]
[Board "1"]
[White "Gundersen, Helge"]
[Black "Macdonald-Ross, Michael"]
[Result "1/2-1/2"]
[WhiteElo "2234"]
[BlackElo "2157"]
[PlyCount "114"]
[EventDate "2011.05.03"]
[EventType "team"]
[EventRounds "9"]
[EventCountry "GRE"]
[WhiteTeam "Norway 1"]
[BlackTeam "England 2"]

1.b3 d5 2.Bb2 Nf6 3.e3 g6 4.f4 Bg7 5.Nf3 O-O 6.Be2 c5 7.O-O b6 8.Ne5 Bb7 9.d3
Nbd7 10.Nd2 Nxe5 11.Bxe5 e6 12.Qe1 Nd7 13.Bxg7 Kxg7 14.Qg3 Qf6 15.Nf3 Kg8 16.Ne5
Rad8 17.Rf2 Qg7 18.Raf1 f6 19.Nf3 b5 20.d4 c4 21.Rb1 Bc6 22.Rff1 Rb8 23.Qe1 Rb6
24.Qa5 Ra8 25.Nd2 Qe7 26.Bf3 Qd6 27.Rfc1 Rab8 28.a3 Bb7 29.bxc4 bxc4 30.Rxb6
axb6 31.Qb5 Kf8 32.Rb1 Ke7 33.a4 Bc6 34.Nxc4 Bxb5 35.Nxd6 Bxa4 36.Nb5 Bxc2
37.Rc1 Bd3 38.Na7 Rb7 39.Nc8+ Kd8 40.Nd6 Rc7 41.Ra1 Ke7 42.Ra3 Kxd6 43.Rxd3 f5
44.Rb3 Rc2 45.Kf1 Kc6 46.Be2 Nf6 47.Bd3 Ra2 48.h3 Ne4 49.Kg1 Ra1+ 50.Kh2 Rc1
51.Bb5+ Kc7 52.Ra3 Nd6 53.Bd3 Kb7 54.Ba6+ Kb8 55.Kg3 Nc4 56.Rb3 Kc7 57.Bb5 Nd6 1/2-1/2

[Event "European Seniors Teams Ch."]
[Site "Olympus"]
[Date "2011.05.07"]
[Round "5"]
[Board "2"]
[White "Ashby, Anthony C"]
[Black "Hauge, Tor Arne"]
[Result "1/2-1/2"]
[WhiteElo "2151"]
[BlackElo "2157"]
[PlyCount "94"]
[EventDate "2011.05.03"]
[EventType "team"]
[EventRounds "9"]
[EventCountry "GRE"]
[WhiteTeam "England 2"]
[BlackTeam "Norway 1"]

1.e4 c6 2.d4 d5 3.Nc3 dxe4 4.Nxe4 Nf6 5.Nxf6+ exf6 6.c3 Bd6 7.Bd3 O-O 8.Qc2 Re8+
9.Ne2 h6 10.Be3 a5 11.c4 Bg4 12.O-O Qc7 13.g3 Bxe2 14.Qxe2 c5 15.Qg4 cxd4
16.Bxh6 Bf8 17.Bf4 Qc5 18.Qh4 g6 19.Qxf6 Be7 20.Qe5 Qxe5 21.Bxe5 Nc6 22.Bf4 Bf6
23.a3 g5 24.Bd6 Ne5 25.Bxe5 Rxe5 26.b4 Kg7 27.c5 g4 28.Kg2 Bg5 29.h3 gxh3+
30.Kxh3 Bd2 31.b5 Rxc5 32.a4 Re8 33.Ra2 Bb4 34.Rd1 b6 35.Kg4 f6 36.Rh1 Rh8
37.Rxh8 Kxh8 38.Rc2 Kg7 39.Rxc5 Bxc5 40.Kf5 Kf7 41.f4 Bb4 42.g4 Ba3 43.g5 fxg5
44.fxg5 Be7 45.g6+ Kg7 46.Ke6 Bb4 47.Kd5 Bc5 1/2-1/2

[Event "European Seniors Teams Ch."]
[Site "Olympus"]
[Date "2011.05.07"]
[Round "5"]
[Board "3"]
[White "Theting, Helge E"]
[Black "Reuben, Stewart"]
[Result "0-1"]
[WhiteElo "2029"]
[BlackElo "2140"]
[PlyCount "84"]
[EventDate "2011.05.03"]
[EventType "team"]
[EventRounds "9"]
[EventCountry "GRE"]
[WhiteTeam "Norway 1"]
[BlackTeam "England 2"]

1.Nf3 c5 2.g3 g6 3.Bg2 Bg7 4.O-O Nc6 5.d3 d6 6.e4 e6 7.Nbd2 Nge7 8.a4 O-O 9.Nc4
b6 10.c3 Ba6 11.Na3 Qd7 12.Bf4 e5 13.Bg5 h6 14.Bxe7 Nxe7 15.Nc4 Rad8 16.h4 Qe6
17.Qe2 f5 18.Bh3 Qf7 19.exf5 e4 20.Nfd2 exd3 21.fxg6 dxe2 22.gxf7+ Kxf7 23.Rfe1
d5 24.Na3 d4 25.c4 d3 26.Rab1 Bd4 27.Kg2 Kg6 28.f3 Be3 29.Ne4 Bb7 30.h5+ Kg7
31.Bg4 Bxe4 32.fxe4 Bf2 33.Rh1 e1=Q 34.Rhxe1 Bxe1 35.Rxe1 Nc6 36.Nb5 Ne5 37.Be6
d2 38.Rd1 Nd3 39.Bd5 Rf2+ 40.Kg1 Rdf8 41.Nc3 Nxb2 42.Rb1 d1=Q+ 0-1

[Event "European Seniors Teams Ch."]
[Site "Olympus"]
[Date "2011.05.07"]
[Round "5"]
[Board "4"]
[White "Scholes, James E"]
[Black "Strand, Oyvin"]
[Result "1/2-1/2"]
[WhiteElo "2110"]
[BlackElo "1972"]
[PlyCount "51"]
[EventDate "2011.05.03"]
[EventType "team"]
[EventRounds "9"]
[EventCountry "GRE"]
[WhiteTeam "England 2"]
[BlackTeam "Norway 1"]

1.c4 c5 2.Nc3 Nc6 3.g3 g6 4.Bg2 Bg7 5.d3 d6 6.e4 a6 7.h3 Rb8 8.Nge2 b5 9.O-O e6
10.Rb1 Nge7 11.Be3 b4 12.Na4 Nd4 13.b3 Bd7 14.Bxd4 cxd4 15.Nb2 O-O 16.Ra1 Qa5
17.Qd2 Qc5 18.Kh2 a5 19.Qc2 Nc8 20.Rae1 Nb6 21.f4 e5 22.Nd1 a4 23.Nc1 Qc8 24.Qd2
axb3 25.axb3 Qc5 26.f5 1/2-1/2

[Event "European Seniors Teams Ch."]
[Site "Olympus"]
[Date "2011.05.07"]
[Round "5"]
[Board "1"]
[White "Dahl, Ivar M"]
[Black "Skalkotas, Nikolaos"]
[Result "1-0"]
[WhiteElo "2136"]
[BlackElo "2183"]
[PlyCount "109"]
[EventDate "2011.05.03"]
[EventType "team"]
[EventRounds "9"]
[EventCountry "GRE"]
[WhiteTeam "Blindern Oldtimers"]
[BlackTeam "Greece"]

1.Nf3 Nf6 2.c4 g6 3.b4 a5 4.b5 Bg7 5.Bb2 O-O 6.g3 a4 7.Bg2 c6 8.Na3 d5 9.cxd5
cxd5 10.O-O Bg4 11.d3 Bxf3 12.Bxf3 Nbd7 13.Qd2 e5 14.Qb4 Re8 15.e4 Bf8 16.Qd2
dxe4 17.dxe4 Nc5 18.Qe2 Qd3 19.Nc4 Qxe2 20.Bxe2 Nfxe4 21.Nxe5 a3 22.Bd4 Rad8
23.Bc4 Ne6 24.Be3 Bg7 25.f4 Nd2 26.Bxd2 Rxd2 27.Rad1 Red8 28.Rxd2 Rxd2 29.Rf3
Bf8 30.Rd3 Bc5+ 31.Kh1 Rxd3 32.Nxd3 Bd6 33.Bxe6 fxe6 34.Kg2 Kf7 35.Kf3 Ke7
36.Ke4 h5 37.Ne1 Kf6 38.Nf3 Bc5 39.Nd2 Bg1 40.h3 Bc5 41.Nc4 Bb4 42.g4 hxg4
43.hxg4 g5 44.fxg5+ Kxg5 45.Ke5 Kxg4 46.Kxe6 Kf3 47.Nd6 Bxd6 48.Kxd6 Ke4 49.Kc7
Kd4 50.Kxb7 Kc3 51.b6 Kb2 52.Kc6 Kxa2 53.b7 Ka1 54.b8=Q a2 55.Kb5 1-0

[Event "European Seniors Teams Ch."]
[Site "Olympus"]
[Date "2011.05.07"]
[Round "5"]
[Board "2"]
[White "Tsomis, Dimitrios"]
[Black "Lerstad, Bjorn"]
[Result "1-0"]
[WhiteElo "2187"]
[BlackElo "1913"]
[PlyCount "153"]
[EventDate "2011.05.03"]
[EventType "team"]
[EventRounds "9"]
[EventCountry "GRE"]
[WhiteTeam "Greece"]
[BlackTeam "Blindern Oldtimers"]

1.e4 e5 2.Nf3 Nf6 3.Nxe5 d6 4.Nf3 Nxe4 5.d3 Nf6 6.d4 d5 7.Bd3 Be7 8.O-O O-O
9.Re1 Bg4 10.h3 Bh5 11.Nbd2 c5 12.dxc5 Bxc5 13.Nb3 Bd6 14.Nbd4 Nc6 15.Nf5 Bc7
16.c3 Ne5 17.Be2 Bg6 18.N3h4 Re8 19.Bb5 Nc6 20.Be3 Qd7 21.Nxg6 hxg6 22.Nd4 a6
23.Bf1 Ne4 24.g3 Rad8 25.Bg2 Ne5 26.Qb3 Nc5 27.Qc2 Nc4 28.Bg5 f6 29.Bd2 Nxd2
30.Qxd2 Ne4 31.Qc2 f5 32.Rad1 Kh7 33.Qb3 Bb8 34.Re2 Nc5 35.Qc2 Rxe2 36.Nxe2 Ne4
37.Qb3 Ba7 38.Bxe4 fxe4 39.Nf4 Qc7 40.Rxd5 Rf8 41.Qc2 Rxf4 42.gxf4 Qxf4 43.Rd4
Bxd4 44.cxd4 e3 45.fxe3 Qxe3+ 46.Qf2 Qc1+ 47.Kh2 Qc4 48.a3 b5 49.Qh4+ Kg8 50.Qe4
Qb3 51.Qe2 b4 52.axb4 Qxb4 53.Qf2 Qb3 54.Qd2 Qd5 55.Qf4 Qb3 56.Qd2 Qd5 57.Qd3
Kh7 58.b3 Qd6+ 59.Kg1 Qd5 60.Qe3 Qb5 61.Kh2 a5 62.Kg3 a4 63.bxa4 Qxa4 64.d5 Qd1
65.Qf3 Qd4 66.h4 Kg8 67.Kh3 Qe5 68.Qb3 Kh7 69.Qd3 Kh8 70.d6 Qe6+ 71.Kg3 g5
72.hxg5 Qd7 73.g6 Kg8 74.Qd5+ Kf8 75.Qa8+ Qe8 76.Qxe8+ Kxe8 77.Kf4 1-0

[Event "European Seniors Teams Ch."]
[Site "Olympus"]
[Date "2011.05.07"]
[Round "5"]
[Board "3"]
[White "Bergersen, Per A"]
[Black "Aftsoglou, Ioannis"]
[Result "0-1"]
[WhiteElo "1600"]
[BlackElo "2168"]
[PlyCount "52"]
[EventDate "2011.05.03"]
[EventType "team"]
[EventRounds "9"]
[EventCountry "GRE"]
[WhiteTeam "Blindern Oldtimers"]
[BlackTeam "Greece"]

1.b3 d6 2.e3 Nf6 3.Bb2 Nbd7 4.f4 c6 5.Nf3 Qc7 6.Be2 e6 7.O-O Be7 8.Qe1 h6 9.a4
b6 10.Na3 Bb7 11.Nc4 g5 12.fxg5 hxg5 13.d3 g4 14.Nh4 d5 15.Nd2 O-O-O 16.g3 Rh6
17.Qf2 Rdh8 18.Qg2 c5 19.Rf2 d4 20.e4 Ne5 21.Raf1 Nfd7 22.Nc4 Bxh4 23.gxh4 Rxh4
24.Qg3 Rh3 25.Qg2 g3 26.hxg3 Nxc4 0-1

[Event "European Seniors Teams Ch."]
[Site "Olympus"]
[Date "2011.05.07"]
[Round "5"]
[Board "4"]
[White "Efkarpidis, Stylianos"]
[Black "Fossum, Widar J"]
[Result "0-1"]
[WhiteElo "1600"]
[BlackElo "1600"]
[PlyCount "105"]
[EventDate "2011.05.03"]
[EventType "team"]
[EventRounds "9"]
[EventCountry "GRE"]
[WhiteTeam "Greece"]
[BlackTeam "Blindern Oldtimers"]

1.e4 Nf6 2.Nc3 d5 3.exd5 Nxd5 4.Bc4 e6 5.Nf3 Be7 6.O-O Nxc3 7.bxc3 O-O 8.a4 a5
9.Ba3 Nd7 10.Re1 Nb6 11.Bb3 Bxa3 12.Rxa3 Qd6 13.Ra1 Rd8 14.Re3 Bd7 15.Qe2 Nd5
16.Bxd5 Qxd5 17.d4 Bc6 18.Re5 Qd7 19.Re3 Bxf3 20.Qxf3 Qd5 21.Qg3 Rd7 22.Rb1 b6
23.Rbe1 Rad8 24.h4 Qf5 25.R1e2 Qg6 26.Qh3 Rd5 27.Kh2 Rf5 28.f3 c5 29.g4 Rfd5
30.h5 Qf6 31.dxc5 bxc5 32.Qg3 h6 33.Kh3 Rd1 34.Kg2 Qe7 35.f4 Qb7+ 36.Qf3 Qe7
37.Kh3 Rg1 38.Rd3 Rxd3 39.cxd3 Qd7 40.Kh2 Rd1 41.d4 cxd4 42.Rxe6 Rd2+ 43.Re2
Rxe2+ 44.Qxe2 dxc3 45.Qe4 Qxg4 46.Qe8+ Kh7 47.Qe4+ f5 48.Qe8 Qxf4+ 49.Kh3 Qg4+
50.Kh2 c2 51.Qf7 Qg5 52.Qg6+ Qxg6 53.hxg6+ 0-1

[Event "European Seniors Teams Ch."]
[Site "Olympus"]
[Date "2011.05.08"]
[Round "6"]
[Board "1"]
[White "Vasiukov, Evgeni"]
[Black "Tseitlin, Mark D"]
[Result "1/2-1/2"]
[WhiteElo "2480"]
[BlackElo "2419"]
[PlyCount "24"]
[EventDate "2011.05.03"]
[EventType "team"]
[EventRounds "9"]
[EventCountry "GRE"]
[WhiteTeam "Russia"]
[BlackTeam "Israel 1"]

1.d4 d5 2.c4 c6 3.cxd5 cxd5 4.Nf3 Nc6 5.Nc3 Nf6 6.Bf4 Bf5 7.e3 e6 8.Bd3 Bxd3
9.Qxd3 Bd6 10.Bxd6 Qxd6 11.O-O O-O 12.Rfc1 Rfc8 1/2-1/2

[Event "European Seniors Teams Ch."]
[Site "Olympus"]
[Date "2011.05.08"]
[Round "6"]
[Board "3"]
[White "Pushkov, Nikolai"]
[Black "Maryasin, Boris"]
[Result "1/2-1/2"]
[WhiteElo "2406"]
[BlackElo "2323"]
[PlyCount "22"]
[EventDate "2011.05.03"]
[EventType "team"]
[EventRounds "9"]
[EventCountry "GRE"]
[WhiteTeam "Russia"]
[BlackTeam "Israel 1"]

1.Nf3 Nf6 2.c4 c5 3.Nc3 Nc6 4.g3 d6 5.Bg2 g6 6.O-O Bg7 7.d4 cxd4 8.Nxd4 Bd7 9.b3
O-O 10.Bb2 Nxd4 11.Qxd4 Bc6 1/2-1/2

[Event "European Seniors Teams Ch."]
[Site "Olympus"]
[Date "2011.05.08"]
[Round "6"]
[Board "1"]
[White "Uhlmann, Wolfgang"]
[Black "Ivanovic, Bozidar"]
[Result "1/2-1/2"]
[WhiteElo "2389"]
[BlackElo "2409"]
[PlyCount "72"]
[EventDate "2011.05.03"]
[EventType "team"]
[EventRounds "9"]
[EventCountry "GRE"]
[WhiteTeam "Germany"]
[BlackTeam "Montenegro"]

1.c4 c6 2.Nc3 d5 3.d4 Nf6 4.Nf3 e6 5.e3 Nbd7 6.Qc2 Bd6 7.Be2 O-O 8.O-O dxc4
9.Bxc4 e5 10.Rd1 Qe7 11.h3 b5 12.Bb3 Bb7 13.Ne4 Nxe4 14.Qxe4 Rad8 15.Bd2 Nf6
16.Qf5 exd4 17.exd4 c5 18.dxc5 Bxc5 19.Bg5 Bxf3 20.Qxf3 Qe5 21.Bxf6 Qxf6 22.Qxf6
gxf6 23.Bd5 Rfe8 24.Kf1 Bb6 25.Bc6 Rxd1+ 26.Rxd1 Rc8 27.Be4 Rc4 28.Bd3 Rf4 29.f3
Rb4 30.b3 Rd4 31.Ke2 b4 32.Rc1 h5 33.Rc8+ Kg7 34.Re8 Rd5 35.Rc8 Re5+ 36.Kd1 Rd5 1/2-1/2

[Event "European Seniors Teams Ch."]
[Site "Olympus"]
[Date "2011.05.08"]
[Round "6"]
[Board "2"]
[White "Zivkovic, Ljubo"]
[Black "Hecht, Hans-Joachim"]
[Result "1/2-1/2"]
[WhiteElo "2270"]
[BlackElo "2377"]
[PlyCount "45"]
[EventDate "2011.05.03"]
[EventType "team"]
[EventRounds "9"]
[EventCountry "GRE"]
[WhiteTeam "Montenegro"]
[BlackTeam "Germany"]

1.c4 e6 2.Nf3 b6 3.g3 Bb7 4.Bg2 Nf6 5.O-O Be7 6.b3 O-O 7.Bb2 d5 8.d4 Na6 9.Nbd2
c5 10.cxd5 exd5 11.Ne5 Rc8 12.Rc1 Rc7 13.Nd3 Bd6 14.dxc5 Nxc5 15.Nf3 Nce4
16.Rxc7 Qxc7 17.Qa1 Qe7 18.Nd4 Qd7 19.Rc1 Rc8 20.Rxc8+ Qxc8 21.Qd1 a6 22.Qc2
Qxc2 23.Nxc2 1/2-1/2

[Event "European Seniors Teams Ch."]
[Site "Olympus"]
[Date "2011.05.08"]
[Round "6"]
[Board "3"]
[White "Klundt, Klaus"]
[Black "Raicevic, Momcilo"]
[Result "1/2-1/2"]
[WhiteElo "2379"]
[BlackElo "2364"]
[PlyCount "26"]
[EventDate "2011.05.03"]
[EventType "team"]
[EventRounds "9"]
[EventCountry "GRE"]
[WhiteTeam "Germany"]
[BlackTeam "Montenegro"]

1.e4 c6 2.d4 g6 3.Nc3 d5 4.Nf3 Bg7 5.h3 Nf6 6.Bd3 dxe4 7.Nxe4 Nxe4 8.Bxe4 Nd7
9.c3 O-O 10.O-O c5 11.dxc5 Nxc5 12.Qxd8 Rxd8 13.Bc2 Nd3 1/2-1/2

[Event "European Seniors Teams Ch."]
[Site "Olympus"]
[Date "2011.05.08"]
[Round "6"]
[Board "4"]
[White "Dragasevic, Srdja"]
[Black "Werner, Clemens"]
[Result "1/2-1/2"]
[WhiteElo "2266"]
[BlackElo "2344"]
[PlyCount "72"]
[EventDate "2011.05.03"]
[EventType "team"]
[EventRounds "9"]
[EventCountry "GRE"]
[WhiteTeam "Montenegro"]
[BlackTeam "Germany"]

1.d4 c5 2.c3 e6 3.Nf3 Nf6 4.Bg5 h6 5.Bh4 cxd4 6.Bxf6 Qxf6 7.Qxd4 Be7 8.Nbd2 Nc6
9.Ne4 Qxd4 10.cxd4 Nb4 11.Kd2 b6 12.a3 Nd5 13.e3 Bb7 14.Bd3 f5 15.Nc3 Rc8
16.Nxd5 Bxd5 17.Rac1 O-O 18.Ba6 Rxc1 19.Rxc1 Bd6 20.Bb5 Rd8 21.Ke2 Kf8 22.g3 Ke7
23.Ne5 Bb7 24.f4 a6 25.Bd3 b5 26.Kf2 g5 27.Be2 g4 28.Bf1 Rc8 29.Rxc8 Bxc8 30.Bg2
Bc7 31.b4 d6 32.Nd3 Bd7 33.Bb7 a5 34.Bg2 Bc8 35.e4 Bb7 36.exf5 Bc8 1/2-1/2

[Event "European Seniors Teams Ch."]
[Site "Olympus"]
[Date "2011.05.08"]
[Round "6"]
[Board "1"]
[White "Tatai, Stefano"]
[Black "Rodriguez Vargas, Orestes"]
[Result "1/2-1/2"]
[WhiteElo "2361"]
[BlackElo "2405"]
[PlyCount "25"]
[EventDate "2011.05.03"]
[EventType "team"]
[EventRounds "9"]
[EventCountry "GRE"]
[WhiteTeam "Italy"]
[BlackTeam "Catalonia"]

1.Nf3 Nf6 2.c4 e6 3.d4 d5 4.Nc3 Be7 5.Bg5 O-O 6.e3 b6 7.Rc1 Bb7 8.Bd3 dxc4
9.Bxc4 Nbd7 10.O-O c5 11.Qe2 Ne4 12.Bxe7 Qxe7 13.Rfd1 1/2-1/2

[Event "European Seniors Teams Ch."]
[Site "Olympus"]
[Date "2011.05.08"]
[Round "6"]
[Board "2"]
[White "Simon Padros, Emili"]
[Black "Mariotti, Sergio"]
[Result "1/2-1/2"]
[WhiteElo "2281"]
[BlackElo "2329"]
[PlyCount "24"]
[EventDate "2011.05.03"]
[EventType "team"]
[EventRounds "9"]
[EventCountry "GRE"]
[WhiteTeam "Catalonia"]
[BlackTeam "Italy"]

1.e4 c5 2.c3 d5 3.exd5 Qxd5 4.d4 e6 5.Nf3 Nf6 6.Na3 Qd8 7.Nc4 Nc6 8.Nce5 cxd4
9.Nxc6 bxc6 10.Nxd4 Bc5 11.Be3 Qd6 12.Nc2 Qe7 1/2-1/2

[Event "European Seniors Teams Ch."]
[Site "Olympus"]
[Date "2011.05.08"]
[Round "6"]
[Board "3"]
[White "Micheli, Carlo"]
[Black "Coll Enriquez, Lluis"]
[Result "1/2-1/2"]
[WhiteElo "2258"]
[BlackElo "2182"]
[PlyCount "42"]
[EventDate "2011.05.03"]
[EventType "team"]
[EventRounds "9"]
[EventCountry "GRE"]
[WhiteTeam "Italy"]
[BlackTeam "Catalonia"]

1.c4 e5 2.g3 Nc6 3.Bg2 g6 4.Nc3 Bg7 5.d3 d6 6.Bd2 Be6 7.b4 Qd7 8.b5 Nd8 9.Qc1 f5
10.Nf3 h6 11.e4 fxe4 12.Nh4 g5 13.Ng6 Rh7 14.h4 Qf7 15.Bxe4 Bf5 16.h5 Bxe4
17.dxe4 Qf3 18.Rh2 Ne6 19.Qd1 Nd4 20.Be3 Qf7 21.Bxd4 exd4 1/2-1/2

[Event "European Seniors Teams Ch."]
[Site "Olympus"]
[Date "2011.05.08"]
[Round "6"]
[Board "4"]
[White "Buxade Roca, Guillermo"]
[Black "Rosino, Antonio"]
[Result "1/2-1/2"]
[WhiteElo "2173"]
[BlackElo "2248"]
[PlyCount "30"]
[EventDate "2011.05.03"]
[EventType "team"]
[EventRounds "9"]
[EventCountry "GRE"]
[WhiteTeam "Catalonia"]
[BlackTeam "Italy"]

1.c4 e5 2.Nc3 Nf6 3.g3 c6 4.Nf3 e4 5.Nd4 d5 6.cxd5 Qb6 7.Nb3 a5 8.d3 a4 9.Nd2
exd3 10.Bg2 cxd5 11.O-O Be6 12.exd3 Be7 13.Nxa4 Qa6 14.Nc3 Qxd3 15.Nb3 Qc4 1/2-1/2

[Event "European Seniors Teams Ch."]
[Site "Olympus"]
[Date "2011.05.08"]
[Round "6"]
[Board "1"]
[White "Vucenovic, Dragomir"]
[Black "Sorensen, Bent"]
[Result "0-1"]
[WhiteElo "2249"]
[BlackElo "2343"]
[PlyCount "94"]
[EventDate "2011.05.03"]
[EventType "team"]
[EventRounds "9"]
[EventCountry "GRE"]
[WhiteTeam "Switzerland"]
[BlackTeam "Denmark 1"]

1.d4 d5 2.Nf3 e6 3.g3 c5 4.Bg2 Nc6 5.O-O Nf6 6.c4 cxd4 7.cxd5 exd5 8.Nxd4 Be7
9.Nc3 O-O 10.b3 Qa5 11.Bb2 Rd8 12.a3 Bg4 13.b4 Qc7 14.Rc1 Qd7 15.Nxc6 bxc6
16.Qd2 a5 17.bxa5 Qa7 18.h3 Be6 19.e4 d4 20.Ne2 c5 21.f4 Bb3 22.e5 Nd5 23.Nxd4
cxd4 24.Qd3 Rab8 25.Bxd4 Qxa5 26.f5 Bg5 27.Rce1 Nc7 28.Qc3 Bd2 29.Qxa5 Bxa5
30.Ba7 Rb5 31.Rb1 Rd3 32.Rfc1 Rxe5 33.Rc5 Rxc5 34.Bxc5 h6 35.Bf1 Rxg3+ 36.Kf2
Rc3 37.Bd4 Rc2+ 38.Ke3 Nd5+ 39.Kf3 Bc4 40.Bxc4 Rxc4 41.Rb8+ Kh7 42.Ke4 Ne7
43.Rb5 Ra4 44.Kd3 Rxa3+ 45.Ke4 Bc3 46.Bc5 Ra4+ 47.Kd3 Bf6 0-1

[Event "European Seniors Teams Ch."]
[Site "Olympus"]
[Date "2011.05.08"]
[Round "6"]
[Board "2"]
[White "Sloth, Jorn"]
[Black "Bhend, Edwin"]
[Result "1/2-1/2"]
[WhiteElo "2310"]
[BlackElo "2257"]
[PlyCount "113"]
[EventDate "2011.05.03"]
[EventType "team"]
[EventRounds "9"]
[EventCountry "GRE"]
[WhiteTeam "Denmark 1"]
[BlackTeam "Switzerland"]

1.c4 e5 2.g3 d6 3.Nc3 Nf6 4.Bg2 Be7 5.b4 Nbd7 6.Bb2 O-O 7.Nf3 Re8 8.O-O Bf8 9.d3
Rb8 10.Nd2 a6 11.Nb3 c5 12.bxc5 dxc5 13.a4 Bd6 14.a5 Nf8 15.Na4 Ne6 16.Ba3 Qc7
17.e3 Bd7 18.Nb6 Bc6 19.Nd5 Qd8 20.f4 exf4 21.gxf4 Bxd5 22.cxd5 Nc7 23.e4 Nd7
24.d4 Nb5 25.Bxc5 Rc8 26.Rc1 Bc7 27.Qd2 Nf6 28.Rfe1 Nh5 29.e5 Qh4 30.Rf1 Rcd8
31.d6 Nxd6 32.exd6 Bxd6 33.Bxd6 Rxd6 34.Rce1 Red8 35.Qf2 Qf6 36.Qf3 g6 37.Qxb7
Nxf4 38.Qe7 Qf5 39.Qe4 Nh3+ 40.Bxh3 Qxh3 41.Qf3 Qxf3 42.Rxf3 Rb8 43.Re7 Rb5
44.Kf2 Rd8 45.Ke2 Rdb8 46.Ree3 f5 47.Kd2 g5 48.Kc2 g4 49.Rf2 h5 50.Rd3 Rc8+
51.Rc3 Rcb8 52.Nd2 Rxa5 53.Rc5 Ra2+ 54.Kc3 Ra3+ 55.Kc4 Ra4+ 56.Kc3 Ra3+ 57.Kc4 1/2-1/2

[Event "European Seniors Teams Ch."]
[Site "Olympus"]
[Date "2011.05.08"]
[Round "6"]
[Board "3"]
[White "Hohler, Peter"]
[Black "Brinck-Claussen, Bjorn"]
[Result "1/2-1/2"]
[WhiteElo "2157"]
[BlackElo "2271"]
[PlyCount "28"]
[EventDate "2011.05.03"]
[EventType "team"]
[EventRounds "9"]
[EventCountry "GRE"]
[WhiteTeam "Switzerland"]
[BlackTeam "Denmark 1"]

1.d4 Nf6 2.c4 e6 3.Nf3 b6 4.a3 Ba6 5.Qc2 c5 6.Bg5 cxd4 7.Nxd4 Be7 8.e3 h6 9.Bh4
Bb7 10.Nd2 O-O 11.N2f3 d6 12.Be2 Nbd7 13.O-O Rc8 14.Qd1 Ne4 1/2-1/2